000 00638nam a2200229Ia 4500
003 BUBTL
008 151213s9999 xx 000 0 und d
020 _a007066228-2
082 _a519.4
_bCOE
100 _aSamsul D. Conte & Cardi Boor
245 _aElementary Numerical Analysis
_cSamsul D. Conte & Cardi Boor
250 _a3rd
260 _aLondon
_bMc Graw Hill
_c1980
300 _a[xii] , 432p . :
_b21cm .
500 _aIncludes Index .
650 _aMathematics
650 _aMathematics
700 _aSamsul D. Conte & Cardi Boor
856 _k0
_l0
_yDownload
942 _2ddc
_cBK
999 _c3335
_d3335